| 000 | 00634nam a2200193 4500 | ||
|---|---|---|---|
| 001 | 123222 | ||
| 003 | ES-MaACL | ||
| 007 | t| | ||
| 008 | 070214s1986 sp r ||||0| spa d | ||
| 245 | 0 | 0 |
_aPsicología social y sistema penal / _ccompilación de Florencio Jiménez Burillo y Miguel Clemente. |
| 260 |
_aMadrid : _bAlianza, _c1986. |
||
| 300 |
_a446 p ; _c23 cm. |
||
| 490 | 1 |
_aAlianza universidad. Textos ; _v108 |
|
| 700 | 1 |
_aJiménez Burillo, Florencio. _966469 |
|
| 700 | 1 |
_aClemente, Miguel. _939197 |
|
| 830 | 0 |
_aAlianza universidad. Textos ; _v108 _9177885 |
|
| 852 |
_aES-MaACL _jE-2395 _bR.112431 |
||
| 999 |
_c123222 _d123222 |
||